Titres de chansons - ANTONYMES - Statistiques

Statistiques générales
  • Ce quiz a été pris 176 fois
    175 depuis la dernière actualisation
  • Le résultat moyen est 8 sur 15
Statistiques - réponses
Antonyme Titre % Correct
J'ai répondu au soleil J'ai demandé à la lune
97%
Une femme assise Un homme debout
93%
Les anges de Midi Les démons de Minuit
92%
Je déteste les beaux J'aime les moches | Gem' lé moch
77%
Terre Ciel
63%
Les ennemis ensuite Les copains d'abord
62%
Une nuit au bon envers Un jour au mauvais endroit
62%
Premier chant Dernière danse
58%
Ramasse mon feur Balance ton quoi
54%
La cacophonie du tonnerre La symphonie des éclairs
48%
La première nuit du blues Le dernier jour du disco
41%
Quitte-moi Ne me quitte pas
36%
Haine coton Amour plastique
21%
Puritaine Libertine
20%
Bon vendeur Mauvais payeur
19%
Aucun quiz correspondant
Distribution des résultats
% des personnes avec chaque résultat
Percentile par nombre de réponses
Votre historique - résultats
Vous n’avez pas pris ce quiz depuis la dernière actualisation